Všetko o úsporách energie 1/2011

Uložené v:
Podrobná bibliografia
Médium: Kniha
Jazyk:Slovak
Vydavateľské údaje: Bratislava : Jaga Group, 2011
Predmet:
Tagy: Pridať tag
Žiadne tagy, Buďte prvý, kto otaguje tento záznam!

MARC

LEADER 00000nam a22000003a 4500
001 stu242139
005 20190325132200.7
008 120119s2011----------------------------d
022 |a 1335-9142 
040 |a STU  |b slo 
041 0 |a slo 
044 |a xo 
245 |a Všetko o úsporách energie 1/2011 
260 |a Bratislava :  |b Jaga Group,  |c 2011 
300 |a 144 s. 
650 7 |a energie  |2 stusub 
650 7 |a úspory energie  |2 stusub 
996 |b 284AU05078  |c A*7807 U  |l AAKNAR  |s A  |a 24  |w stu242139_0001 
996 |b 284AU07122  |c A* 10352/U  |l AAKNAR  |s A  |a 24  |w stu242139_0002 
996 |b 284V037991  |c V* 9446/K-2526  |l VVT  |s A  |a 24  |w stu242139_0003